[Event "Ceske Budejovice op-B"]
[Site "Ceske Budejovice"]
[Date "2022.07.08"]
[Round "8"]
[White "Bastyr, Pavel"]
[Black "Kutak, Jaroslav1111"]
[Result "1-0"]
[WhiteElo "1439"]
[BlackElo "1260"]
[PlyCount "51"]
[EventDate "2022.07.01"]
[EventType "swiss"]
[EventRounds "9"]
[EventCountry "CZE"]
[SourceTitle "EXT 2023"]
[Source "ChessBase"]
[SourceDate "2022.10.05"]
[SourceVersion "1"]
[SourceVersionDate "2022.10.05"]
[SourceQuality "1"]

1. d4 Nf6 2. c4 e6 3. Nc3 Bb4 4. Qc2 c5 5. Nf3 Nc6 6. dxc5 Bxc5 7. Bg5 h6 8. Bh4 Nb4 9. Qb1 b6 10. e3 Bb7 11. Be2 Qc7 12. 0-0 g5 13. Bg3 Bd6 14. Nb5 Be4 15. Nxc7+ Bxc7 16. Qd1 Bxg3 17. hxg3 0-0-0 18. a3 Nc2 19. Rc1 d5 20. Rxc2 Bxc2 21. Qxc2 Kb8 22. cxd5 Rc8 23. Qb1 Nxd5 24. Rc1 Nc7 25. Ne5 Rhd8 26. Nc6+ 1-0

[Event "Ceske Budejovice op-B"]
[Site "Ceske Budejovice"]
[Date "2020.07.03"]
[Round "3"]
[White "Day, Sophia Olivia"]
[Black "Bastyr, Pavel"]
[Result "0-1"]
[WhiteElo "1099"]
[BlackElo "1439"]
[PlyCount "130"]
[EventDate "2020.07.01"]
[EventType "swiss"]
[EventRounds "9"]
[EventCountry "CZE"]
[SourceTitle "CBM 197 Extra"]
[Source "ChessBase"]
[SourceDate "2020.09.30"]
[SourceVersion "1"]
[SourceVersionDate "2020.09.30"]
[SourceQuality "1"]

1. e4 c5 2. Nf3 d6 3. d4 Nf6 4. Nc3 cxd4 5. Nxd4 a6 6. Be2 e6 7. 0-0 Qc7 8. Be3 Be7 9. f4 0-0 10. Rf3 Nbd7 11. Qe1 Nc5 12. Bd3 Nxd3 13. cxd3 b5 14. Rh3 Bb7 15. f5 e5 16. Nf3 Ng4 17. Bd2 Qc5+ 18. Kf1 b4 19. Nd1 a5 20. Qg3 Nf6 21. Qh4 Ba6 22. Ne1 d5 23. Bg5 h6 24. Bxh6 Nxe4 25. Qh5 Nf6 26. Qg5 Ne8 27. Qg4 Qd4 28. Qg3 Bc5 29. Nf2 Qxb2 30. Rd1 Qxf2+ 31. Qxf2 Bxf2 32. Kxf2 gxh6 33. Rxh6 Kg7 34. Rh5 Nf6 35. Rh4 Rh8 36. Nf3 Rxh4 37. Nxh4 Rh8 38. Nf3 Ng4+ 39. Kg3 Ne3 40. Re1 Nxf5+ 41. Kg4 Nh6+ 42. Kg3 f6 43. Rc1 Rc8 44. Rd1 Rc2 45. d4 e4 46. Ne1 Rxa2 47. Rc1 Bc4 48. h4 b3 49. Rb1 b2 50. Nc2 Bd3 51. Kf2 Bxc2 52. Re1 Ra1 53. Ke2 Rxe1+ 54. Kxe1 b1Q+ 55. Kf2 Ng4+ 56. Kg3 f5 57. Kf4 Qf1+ 58. Kg5 Qxg2 59. Kxf5 e3+ 60. Ke6 e2 61. h5 e1Q+ 62. Kd6 Qb4+ 63. Kc7 Qg3+ 64. Kd7 Ba4+ 65. Kd8 Qgd6+ 0-1

[Event "Wch Seniors 50 26th"]
[Site "Marianske Lazne"]
[Date "2016.11.22"]
[Round "4"]
[White "Laloucek, Miroslav"]
[Black "Bastyr, Pavel"]
[Result "1-0"]
[WhiteElo "1771"]
[BlackElo "1462"]
[PlyCount "87"]
[EventDate "2016.11.19"]
[EventType "swiss"]
[EventRounds "11"]
[EventCountry "CZE"]
[SourceTitle "CBM 175 Extra"]
[Source "ChessBase"]
[SourceDate "2016.12.12"]
[SourceVersion "1"]
[SourceVersionDate "2016.12.12"]
[SourceQuality "1"]

1. d4 Nf6 2. Bf4 e6 3. Nf3 b6 4. e3 Bb7 5. Nbd2 Nc6 6. c4 d5 7. cxd5 Nxd5 8. Bg3 Be7 9. a3 0-0 10. Rc1 Nf6 11. Qa4 Nh5 12. Rxc6 Nxg3 13. hxg3 Bxc6 14. Qxc6 Qc8 15. Bd3 g6 16. Ne5 Rd8 17. f4 Rd6 18. Qc2 Bf6 19. Ndf3 Qf8 20. Nc6 Bg7 21. Ng5 h6 22. Ne4 Rd7 23. Ne5 Re7 24. Bb5 c5 25. dxc5 bxc5 26. Nxc5 Rc7 27. Ned7 Qe7 28. Ke2 a6 29. Ba4 Rac8 30. b4 a5 31. Rd1 axb4 32. axb4 Rb7 33. Qe4 Ra7 34. Bb3 Rcc7 35. Ne5 Qe8 36. Nxg6 fxg6 37. Nxe6 Kh8 38. Rd8 Re7 39. Rxe8+ Rxe8 40. Qxg6 Rae7 41. Kf2 Bc3 42. Qxh6+ Kg8 43. Ng5+ Rf7 44. Bxf7# 1-0

[Event "Plzen op 4th"]
[Site "Plzen"]
[Date "2012.11.24"]
[Round "7"]
[White "Baraniuk, Andrej"]
[Black "Bastyr, Pavel"]
[Result "1-0"]
[WhiteElo "1661"]
[BlackElo "1570"]
[PlyCount "87"]
[EventDate "2012.11.18"]
[EventType "swiss"]
[EventRounds "7"]
[EventCountry "CZE"]
[SourceTitle "CBM 151 Extra"]
[Source "ChessBase"]
[SourceDate "2012.12.18"]
[SourceVersion "1"]
[SourceVersionDate "2012.12.18"]
[SourceQuality "1"]

1. Nf3 d5 2. c4 Nf6 3. d4 e6 4. Nc3 Bb4 5. Bd2 Nc6 6. cxd5 Bxc3 7. bxc3 exd5 8. Bg5 Qd6 9. Qc1 Ne4 10. Bf4 Qe7 11. h3 Bf5 12. e3 Na5 13. Nd2 Qd7 14. Nxe4 Bxe4 15. f3 Bg6 16. c4 c6 17. Qc3 Qd8 18. c5 b6 19. Kf2 0-0 20. Rc1 Qh4+ 21. Bg3 Qf6 22. Bd3 Bxd3 23. Qxd3 Nc4 24. Rxc4 dxc4 25. Qxc4 b5 26. Qc3 a5 27. Rb1 Qe6 28. Rb2 a4 29. a3 Rfe8 30. Bd6 f5 31. Qd3 Qd5 32. Bf4 Re6 33. Qc2 Rae8 34. Be5 Rxe5 35. dxe5 Rxe5 36. f4 Re4 37. Qc3 Rc4 38. Qa5 Qxc5 39. Qd8+ Qf8 40. Qd7 Qf6 41. Rd2 h6 42. Qe8+ Qf8 43. Qe6+ Qf7 44. Rd8+ 1-0

[Event "Plzen op 4th"]
[Site "Plzen"]
[Date "2012.11.23"]
[Round "6"]
[White "Bastyr, Pavel"]
[Black "Petruzalek, Radim"]
[Result "1/2-1/2"]
[WhiteElo "1570"]
[BlackElo "1638"]
[PlyCount "67"]
[EventDate "2012.11.18"]
[EventType "swiss"]
[EventRounds "7"]
[EventCountry "CZE"]
[SourceTitle "CBM 151 Extra"]
[Source "ChessBase"]
[SourceDate "2012.12.18"]
[SourceVersion "1"]
[SourceVersionDate "2012.12.18"]
[SourceQuality "1"]

1. b3 d5 2. Bb2 Nc6 3. Nf3 Bg4 4. Ne5 Nxe5 5. Bxe5 f6 6. Bb2 e5 7. d4 e4 8. f3 exf3 9. exf3 Qe7+ 10. Qe2 Qxe2+ 11. Bxe2 Bf5 12. c4 dxc4 13. Bxc4 Bxb1 14. Rxb1 Bb4+ 15. Kf2 0-0-0 16. d5 Ne7 17. Rbd1 Rhe8 18. Bd4 b6 19. Be3 Nf5 20. Bc1 Bc5+ 21. Kf1 Be3 22. Bb5 Re5 23. Bc6 Bxc1 24. Rxc1 Ne3+ 25. Kf2 Nxd5 26. Rhd1 Rd6 27. Rd4 Kd8 28. Rdc4 Ne3 29. Re4 Rxe4 30. Bxe4 Nd5 31. Bxh7 Nb4 32. a3 Nd3+ 33. Bxd3 Rxd3 34. Rb1 1/2-1/2

[Event "Liberec op 13th"]
[Site "Liberec"]
[Date "2012.10.21"]
[Round "2"]
[White "Svec, Ludek"]
[Black "Bastyr, Pavel"]
[Result "1-0"]
[WhiteElo "1819"]
[BlackElo "1570"]
[PlyCount "73"]
[EventDate "2012.10.20"]
[EventType "swiss"]
[EventRounds "9"]
[EventCountry "CZE"]
[SourceTitle "EXT 2013"]
[Source "ChessBase"]
[SourceDate "2012.11.22"]
[SourceVersion "1"]
[SourceVersionDate "2012.11.22"]
[SourceQuality "1"]

1. Nf3 d5 2. b3 Nc6 3. Bb2 Nf6 4. g3 Bf5 5. d3 e6 6. Bg2 d4 7. 0-0 Bc5 8. Nbd2 0-0 9. a3 e5 10. Nh4 Qd7 11. b4 Bd6 12. Nc4 Bh3 13. Nd2 Bxg2 14. Kxg2 Nd5 15. Ne4 Qg4 16. c4 Nf4+ 17. Kh1 Nh3 18. b5 Ne7 19. c5 f5 20. f3 Qh5 21. cxd6 fxe4 22. dxe7 Rf6 23. a4 e3 24. Qb3+ Kh8 25. Ba3 g5 26. Nf5 Nf2+ 27. Kg1 Nh3+ 28. Kg2 g4 29. Nh4 Nf4+ 30. Kh1 Nxe2 31. fxg4 Qg5 32. Qd1 Nc3 33. Qc1 Raf8 34. Rxf6 Qxf6 35. Qf1 Qxf1+ 36. Rxf1 e2 37. Re1 1-0

[Event "Tabor op"]
[Site "Tabor"]
[Date "2012.08.04"]
[Round "8"]
[White "Petr, Josef"]
[Black "Bastyr, Pavel"]
[Result "1-0"]
[WhiteElo "1728"]
[BlackElo "1588"]
[PlyCount "59"]
[EventDate "2012.07.29"]
[EventType "swiss"]
[EventRounds "9"]
[EventCountry "CZE"]
[SourceTitle "EXT 2013"]
[Source "ChessBase"]
[SourceDate "2012.11.22"]
[SourceVersion "1"]
[SourceVersionDate "2012.11.22"]
[SourceQuality "1"]

1. e4 c6 2. d4 d5 3. e5 Bf5 4. Nf3 e6 5. c4 Ne7 6. Nc3 Nd7 7. Nh4 Qb6 8. c5 Qc7 9. Nxf5 Nxf5 10. Be2 Nxd4 11. Qxd4 Bxc5 12. Qf4 Nxe5 13. 0-0 Bd6 14. Qh4 Ng6 15. Qh3 d4 16. Ne4 0-0 17. g3 Be7 18. Bg5 Rfd8 19. Bd3 Rd5 20. Bxe7 Qxe7 21. f4 h6 22. Rf2 f5 23. Nd2 Rc8 24. Re2 c5 25. Rae1 Nf8 26. Bxf5 d3 27. Bxe6+ Nxe6 28. Rxe6 Qf7 29. Re7 Qf6 30. Qxc8+ 1-0

[Event "Tabor op"]
[Site "Tabor"]
[Date "2012.08.03"]
[Round "7"]
[White "Bastyr, Pavel"]
[Black "Schmidt, Karel"]
[Result "1/2-1/2"]
[WhiteElo "1588"]
[BlackElo "1750"]
[PlyCount "66"]
[EventDate "2012.07.29"]
[EventType "swiss"]
[EventRounds "9"]
[EventCountry "CZE"]
[SourceTitle "EXT 2013"]
[Source "ChessBase"]
[SourceDate "2012.11.22"]
[SourceVersion "1"]
[SourceVersionDate "2012.11.22"]
[SourceQuality "1"]

1. d4 d5 2. c4 e6 3. Nc3 Nf6 4. Bg5 Be7 5. e3 c6 6. Bd3 h6 7. Bf4 Bd6 8. Bxd6 Qxd6 9. Nf3 Qb4 10. Qe2 Nbd7 11. 0-0 0-0 12. c5 Qa5 13. Rfb1 Qc7 14. b4 e5 15. dxe5 Nxe5 16. Nxe5 Qxe5 17. Qd2 Ng4 18. g3 Qh5 19. h4 Ne5 20. Qe2 Bg4 21. Qf1 Nf3+ 22. Kg2 Nd2 23. Qe1 Bf3+ 24. Kh2 Nxb1 25. Rxb1 Qe5 26. Ne2 Rfe8 27. Nd4 Be4 28. Qe2 Qf6 29. Rb3 Re5 30. Qf1 Rae8 31. Bc2 Qg6 32. g4 Qf6 33. Kg3 g5 1/2-1/2

[Event "Tabor op"]
[Site "Tabor"]
[Date "2012.07.29"]
[Round "1"]
[White "Kraus, Ondrej"]
[Black "Bastyr, Pavel"]
[Result "1-0"]
[WhiteElo "2028"]
[BlackElo "1588"]
[PlyCount "57"]
[EventDate "2012.07.29"]
[EventType "swiss"]
[EventRounds "9"]
[EventCountry "CZE"]
[SourceTitle "EXT 2013"]
[Source "ChessBase"]
[SourceDate "2012.11.22"]
[SourceVersion "1"]
[SourceVersionDate "2012.11.22"]
[SourceQuality "1"]

1. d4 Nc6 2. d5 Nb4 3. a3 Na6 4. e4 b6 5. c4 Nc5 6. Nc3 e5 7. b4 Nb7 8. f4 d6 9. Nf3 Bg4 10. h3 Bxf3 11. Qxf3 exf4 12. Bxf4 Qf6 13. Qg3 Be7 14. c5 Qh4 15. Nb5 Qxg3+ 16. Bxg3 Kd8 17. c6 Bf6 18. Rd1 Na5 19. bxa5 a6 20. Nxc7 Kxc7 21. axb6+ Kxb6 22. Bxd6 Bc3+ 23. Kf2 Nf6 24. Rb1+ Ka5 25. Bc7+ Ka4 26. Bd3 Rae8 27. Bc2+ Kxa3 28. Bd6+ Ka2 29. Bb3# 1-0

[Event "Zdar nad Sazavou Vysocina op 7th"]
[Site "Zdar nad Sazavou"]
[Date "2010.10.02"]
[Round "9"]
[White "Bastyr, Pavel"]
[Black "Hruby, Vaclav"]
[Result "1-0"]
[WhiteElo "1605"]
[BlackElo "1808"]
[PlyCount "73"]
[EventDate "2010.09.25"]
[EventType "swiss"]
[EventRounds "9"]
[EventCountry "CZE"]
[SourceTitle "CBM 138 Extra"]
[Source "ChessBase"]
[SourceDate "2010.10.29"]
[SourceVersion "1"]
[SourceVersionDate "2010.10.29"]
[SourceQuality "1"]

1. d4 f5 2. e4 fxe4 3. Nc3 Nf6 4. Bg5 g6 5. Bxf6 exf6 6. Nxe4 Qe7 7. Qe2 d5 8. Nxf6+ Kf7 9. Qxe7+ Bxe7 10. Nxd5 Bd6 11. 0-0-0 Be6 12. Nc3 c6 13. g3 Nd7 14. Bg2 Nb6 15. Nge2 Rad8 16. d5 Nxd5 17. Nxd5 Bxd5 18. Bxd5+ cxd5 19. Rxd5 Rhe8 20. Nc3 Bb4 21. Rxd8 Rxd8 22. Rd1 Rxd1+ 23. Nxd1 Be1 24. c4 Ke6 25. Kc2 Ke5 26. Kd3 g5 27. a3 Ba5 28. b4 Bc7 29. Ne3 h5 30. Nd5 Bd8 31. h3 b5 32. f4+ gxf4 33. Nxf4 bxc4+ 34. Kxc4 h4 35. Ng6+ Kf5 36. Nxh4+ Bxh4 37. gxh4 1-0

[Event "Zdar nad Sazavou Vysocina op 6th"]
[Site "Zdar nad Sazavou"]
[Date "2009.09.29"]
[Round "5"]
[White "Michalek, Miroslav"]
[Black "Bastyr, Pavel"]
[Result "1-0"]
[WhiteElo "1979"]
[BlackElo "1594"]
[PlyCount "39"]
[EventDate "2009.09.26"]
[EventType "swiss"]
[EventRounds "9"]
[EventCountry "CZE"]
[SourceTitle "CBM 132 Extra"]
[Source "ChessBase"]
[SourceDate "2009.11.03"]
[SourceVersion "1"]
[SourceVersionDate "2009.11.03"]
[SourceQuality "1"]

1. e4 c6 2. d4 d5 3. Nc3 dxe4 4. Nxe4 Bf5 5. Ng3 Bg6 6. h4 h6 7. Nf3 Nd7 8. h5 Bh7 9. Bd3 Bxd3 10. Qxd3 e6 11. Bf4 Ngf6 12. 0-0-0 Nd5 13. Bd2 Qb6 14. c4 Nb4 15. Bxb4 Bxb4 16. c5 Qc7 17. a3 Bxc5 18. dxc5 Nxc5 19. Qd6 Qb6 20. Ne5 1-0